Communes du Morbihan en breton - Statistiques

Statistiques générales
  • Ce quiz a été pris 32 fois
  • Le résultat moyen est 28 sur 249
Statistiques - réponses
Nom français Nom breton % Correct
Vannes Gwened
86%
Auray An Alré
61%
Pontivy Pondi
50%
Lorient An Oriant
46%
Baden Baden
46%
Elven An Elven
43%
Damgan Damgan
43%
Crac'h Krac'h
43%
Bangor Bangor
39%
Belz Belz
39%
Kergrist Kergrist
39%
Berric Berrig
36%
Bohal Bohal
36%
Brec'h Brec'h
36%
Caden Kaden
36%
Camoël Kamoel
36%
Carnac Karnag
36%
Ambon Ambon
32%
Gourin Gourin
32%
Arradon Aradon
29%
Berné Berne
29%
Férel Ferel
29%
Gâvres Gavr
29%
Josselin Josilin
29%
Landévant Landevan
29%
Marzan Marzen
29%
Le Faouët Ar Faoued
25%
Baud Baod
25%
Beignon Benion
25%
Grand-Champ Gregam
25%
Kervignac Kervignag
25%
Quiberon Kiberen
25%
Concoret Konkored
25%
Landaul Landaol
25%
Langonnet Langoned
25%
Lizio Lizioù
25%
Locmaria Lokmaria
25%
Locoal-Mendon Lokoal-Mendon
25%
Mauron Maoron
25%
Riantec Rianteg
25%
Allaire Alaer
21%
Île d'Arz An Arzh
21%
La Chapelle-Neuve Ar Chapel-Nevez
21%
La Roche-Bernard Ar Roc'h-Bernez
21%
Arzal Arzhal
21%
Calan Kalann
21%
Caudan Kaodan
21%
Cléguérec Klegereg
21%
Cléguer Kleguer
21%
Colpo Kolpoù
21%
Lanester Lannarstêr
21%
Locqueltas Lokeltaz
21%
Meucon Meukon
21%
Plouay Ploue
21%
Roudouallec Roudoualleg
21%
St Nolff Sant Nolf
21%
Tréal Treal
21%
Larmor-Plage An Arvor
18%
Le Bono Ar Bonoù
18%
Billio Bilioù
18%
Bubry Bubri
18%
Île d'Houat Enez Houad
18%
Evriguet Evrigued
18%
Groix Groez
18%
Gueltas Gweltaz
18%
Guern Gwern
18%
Guidel Gwidel
18%
Hennebont Henbont
18%
Kerfourn Kerforn
18%
Larré Lare
18%
Locmaria Grand-Champ Lokmaria-Gregam
18%
Malansac Malañseg
18%
Meslan Mélann
18%
Ploërmel Ploermael
18%
Port-Louis Porzh-Loeiz
18%
Priziac Prizieg
18%
Augan Algam
14%
Le Guerno Ar Gwernou
14%
Evellys Evellys
14%
Guégon Gwegon
14%
Guiscriff Gwiskri
14%
Kernascléden Kernaskledenn
14%
Quéven Kewenn
14%
Cournon Kornon
14%
Ménéac Menieg
14%
Noyal-Pontivy Noal-Pondi
14%
Pénestin Pennestin
14%
Pluneret Plunered
14%
Radénac Radeneg
14%
St Brieuc de Mauron Sant Brieg Maoron
14%
St Léry Sant Leri
14%
Sulniac Sulnieg
14%
Surzur Surzhur
14%
La Trinité-sur-Mer An Drinded
11%
Camors Kamorzh
11%
Languidic Langedig
11%
Le Hézo Le Hezo
11%
Malguénac Malgeneg
11%
Neulliac Neulieg
11%
Ploemeur Plañvour
11%
Plaudren Plaodren
11%
Plescop Pleskob
11%
Pont-Scorff Pont-Skorf
11%
Réguiny Regini
11%
Rohan Roc'han
11%
St Congard Sant Kongar
11%
St Malo de Beignon Sant Maloù-Benion
11%
St Pierre Quiberon Sant Pêr Kiberen
11%
St Avé Sant Teve
11%
St Jean Brévelay Sant Yann Brevele
11%
Sauzon Saozon
11%
Sarzeau Sarzhav
11%
Sérent Serent
11%
Monterblanc Sterwenn
11%
Treffléan Trevlean
11%
Larmor-Baden An Arvor-Baden
7%
La Trinité-Porhoët An Drinded-Porhoed
7%
La Trinité-Surzur An Drinded-Surzhur
7%
Inguiniel An Ignel
7%
Etel An Intel
7%
Guémené-sur-Scorff Ar Gemene
7%
Le Saint Ar Sent
7%
Béganne Begaon
7%
Hoedic Edig
7%
La Gacilly Gazilieg
7%
Carentoir Karantoer
7%
Campénéac Kempenieg
7%
Locminé Logunec'h
7%
Muzillac Muzilheg
7%
Néant-sur-Yvel Neant
7%
Noyal-Muzillac Noal-Muzilheg
7%
Plouharnel Plarnel
7%
Plougoumelen Plougouvelen
7%
Ruffiac Rufieg
7%
Séglien Seglian
7%
Séné Sine
7%
Lignol An Ignol
4%
Le Sourn Ar Sorn
4%
Billiers Beler
4%
Guénin Gweninn
4%
Guéhenno Gwezhennoù
4%
Guilliers Gwiler Porc'hoed
4%
Helléan Helean
4%
Caro Karozh
4%
Crédin Kerzhin
4%
Quistinic Kistinid
4%
Questembert Kistreberzh
4%
Cruguel Krugell
4%
Lanvaudan Lanvodan
4%
Lauzach Laozag
4%
Locmariaquer Lokmaria-Kaer
4%
Locmiquélic Lokmikaelig
4%
Nostang Lostenk
4%
Malestroit Malastred
4%
Pluvigner Pleuwigner
4%
Plumergat Pluvergad
4%
Porcaro Porzh-Karozh
4%
Brandérion Prederion
4%
St Abraham Sant Abran
4%
St Armel Sant Armael
4%
Ste Hélène Santez Helen
4%
Silfiac Silieg
4%
Le Tour-du-Parc Tro-Park
4%
Erdeven An Ardeven
0%
La Grée-Saint-Laurent Ar C'hrav Sant Laorañs
0%
Le Croisty Ar C'hroesti
0%
Forges de Lanouée Ar Govelioù Lannoez
0%
La Croix-Helléan Ar Groez Helean
0%
Arzon Arzon-Rewizh
0%
St Barthélémy Bartelame
0%
Bignan Begnen
0%
Ste Brigitte Berc'hed
0%
Merlevenez Berleüiné
0%
Brandivy Brandevi
0%
Bréhan Brehant-Loudieg
0%
Brignac Brennieg
0%
Buléon Buelion
0%
Île aux Moines Enizenac'h
0%
Les Fougerêts Felgerieg-Al-Lann
0%
Guillac Gilieg
0%
Gourhel Gourhael
0%
Guer Gwern Porc'hoed
0%
La Vraie Croix Langroez
0%
Lanvénégen Lannejenn
0%
Lantillac Lantilieg
0%
Langoëlan Lanwelan
0%
Le Cours Le Cours
0%
Limerzel Lizmerzher
0%
St Gildas de Rhuys Lokentaz
0%
Locmalo Lokmac'hloù
0%
Loyat Louad
0%
Melrand Mêlrant
0%
Missiriac Meserieg
0%
Monteneuf Monteneg
0%
Molac Moulleg
0%
Moréac Mourieg
0%
Montertelot Mousterdelav
0%
Moustoir-Ac Moustoer-Logunec'h
0%
Mohon Mozhon
0%
Nivillac Nivilieg
0%
Peillac Paolieg
0%
Persquen Perken
0%
Péaule Pleaol
0%
Pleucadeuc Plegadeg
0%
Plouhinec Pleheneg
0%
Ploemel Pleñvel
0%
Ploërdut Pleurdud
0%
Pleugriffet Ploueg-Grifed
0%
Plouray Plourae
0%
Ploeren Ploveren
0%
Pluherlin Pluhernin
0%
Pluméliau-Bieuzy Pluniav-Bizhui
0%
Plumelec Pluveleg
0%
Plumelin Pluverin
0%
Le Palais Porzh-Lae
0%
Rieux Reoz
0%
Rochefort-en-Terre Roc'h an Argoed
0%
Réminiac Ruvenieg
0%
St Dolay Sant Aelwez
0%
St Allouestre Sant Aleustr
0%
Ste Anne d'Auray Santez Anna Wened
0%
St Philibert Sant Filibert
0%
St Gonnery Sant Goneri
0%
St Gravé Sant Gravez
0%
St Guyomard Sant Gwionvarc'h
0%
St Aignan Sant Inan
0%
St Gérand Croixanvec Sant Jelan Kroeshañveg
0%
St Caradec Trégomel Sant Karadeg Tregonvael
0%
St Gorgon Sant Kogo
0%
St Laurent sur Oust Sant Laoreñs Graeneg
0%
St Malo des Trois Fontaines Sant Maloù an Teir Feunteun
0%
St Marcel Sant Marc'hell
0%
St Nicolas du Tertre Sant Nikolaz ar Roz
0%
St Perreux Sant Pereg
0%
St Servant sur Oust Sant Servant an Oud
0%
St Tugdual Sant Tudal
0%
St Thuriau Sant Turiav
0%
St Martin sur Oust Sant Varzhin an Oud
0%
St Vincent sur Oust Sant Visant an Oud
0%
St Jacut-les-Pins Sant Yagu Ar Bineg
0%
St Jean la Poterie Sant Yann Ar Wern
0%
Taupont Talbont
0%
Théhillac Teieleg
0%
Theix-Noyalo Teiz Noyaloù
0%
Tréhorenteuc Trec'horanteg
0%
Trédion Tredin
0%
Val d'Oust Val d'Oust
0%
Gestel Yestael
0%
Inzinzac-Lochrist Zinzag-Lokrist
0%
Aucun quiz correspondant
Distribution des résultats
% des personnes avec chaque résultat
Percentile par nombre de réponses
Votre historique - résultats
Vous n’avez pas pris ce quiz